[Event "HUN-chT2 Toth 1819"]
[Site "Hungary"]
[Date "2018.10.07"]
[Round "2.8"]
[White "Tornyai, Jeno"]
[Black "Varadi, Laszlo"]
[Result "0-1"]
[WhiteElo "1876"]
[BlackElo "2033"]
[PlyCount "94"]
[EventDate "2018.09.23"]
[EventType "team-tourn"]
[EventRounds "11"]
[EventCountry "HUN"]
[SourceTitle "EXT 2021"]
[Source "ChessBase"]
[SourceDate "2020.10.23"]
[SourceVersion "1"]
[SourceVersionDate "2020.10.23"]
[SourceQuality "1"]
[WhiteTeam "Szeged Maroczy III"]
[BlackTeam "Ujszasz"]
[WhiteTeamCountry "HUN"]
[BlackTeamCountry "HUN"]

1. d4 Nf6 2. Nc3 d5 3. Bg5 Bf5 4. f3 Nbd7 5. Nxd5 Nxd5 6. e4 h6 7. Bh4 Ne3 8. Qd3 Nxf1 9. exf5 c6 10. Kxf1 Qb6 11. Ne2 Rg8 12. Nf4 0-0-0 13. Bf2 Nf6 14. Qb3 Nd5 15. Nxd5 Rxd5 16. Qxb6 axb6 17. g4 g6 18. c4 Rd7 19. fxg6 Rxg6 20. Rd1 Bg7 21. Kg2 Rgd6 22. Rhe1 e5 23. d5 cxd5 24. cxd5 Rxd5 25. Rc1+ Kb8 26. Re4 b5 27. a4 Rc7 28. Rce1 Rc2 29. R1e2 Rxe2 30. Rxe2 bxa4 31. f4 b5 32. Bg3 f6 33. h4 Kc8 34. Kf3 Rd3+ 35. Kf2 Rb3 36. fxe5 fxe5 37. g5 hxg5 38. hxg5 e4 39. Rc2+ Kd8 40. Bd6 Rxb2 41. Rxb2 Bxb2 42. g6 Ke8 43. Ke3 a3 44. Bxa3 Bxa3 45. Kxe4 Bf8 46. Kd5 b4 47. Kc4 Be7 0-1

[Event "HUN-chT2 Toth 1718"]
[Site "Hungary"]
[Date "2018.03.25"]
[Round "10.7"]
[White "Diamant, Tibor"]
[Black "Varadi, Laszlo"]
[Result "1/2-1/2"]
[WhiteElo "1964"]
[BlackElo "2088"]
[PlyCount "32"]
[EventDate "2017.09.24"]
[EventType "team-tourn"]
[EventRounds "11"]
[EventCountry "HUN"]
[SourceTitle "EXT 2021"]
[Source "ChessBase"]
[SourceDate "2020.10.23"]
[SourceVersion "1"]
[SourceVersionDate "2020.10.23"]
[SourceQuality "1"]
[WhiteTeam "Mako Duocor II"]
[BlackTeam "Ujszasz"]
[WhiteTeamCountry "HUN"]
[BlackTeamCountry "HUN"]

1. e4 d5 2. exd5 Nf6 3. d4 Nxd5 4. c4 Nb6 5. Nc3 e5 6. dxe5 Qxd1+ 7. Nxd1 Nc6 8. f4 Be6 9. b3 Bb4+ 10. Bd2 f6 11. exf6 gxf6 12. Ne3 0-0-0 13. Bxb4 Nxb4 14. Nf3 Rhe8 15. Kf2 Bf7 16. Be2 Re4 1/2-1/2

[Event "HUN-chT2 Toth 1718"]
[Site "Hungary"]
[Date "2018.03.04"]
[Round "9.6"]
[White "Gombos, Janos"]
[Black "Varadi, Laszlo"]
[Result "1-0"]
[WhiteElo "1966"]
[BlackElo "2088"]
[PlyCount "83"]
[EventDate "2017.09.24"]
[EventType "team-tourn"]
[EventRounds "11"]
[EventCountry "HUN"]
[SourceTitle "EXT 2021"]
[Source "ChessBase"]
[SourceDate "2020.10.23"]
[SourceVersion "1"]
[SourceVersionDate "2020.10.23"]
[SourceQuality "1"]
[WhiteTeam "Gyula"]
[BlackTeam "Ujszasz"]
[WhiteTeamCountry "HUN"]
[BlackTeamCountry "HUN"]

1. e4 d5 2. exd5 Nf6 3. d4 Nxd5 4. Nf3 Bg4 5. Be2 e6 6. 0-0 Nc6 7. Nbd2 Be7 8. Ne4 0-0 9. Ng3 Bd6 10. h3 Bxf3 11. Bxf3 Qh4 12. Ne4 Qe7 13. c4 Nf6 14. c5 Nxe4 15. Bxe4 Bxc5 16. dxc5 Qxc5 17. Be3 Qc4 18. Qc2 Qxc2 19. Bxc2 Nb4 20. Bb3 a5 21. Bc5 Rfc8 22. Rfd1 Na6 23. Be3 b5 24. a4 bxa4 25. Bxa4 Nb4 26. Rac1 Rab8 27. b3 Nd5 28. Rc5 Rb4 29. Rxa5 Nc3 30. Rd7 Nd5 31. Bc5 Re4 32. Kf1 Re5 33. Ra7 h5 34. Ba3 Rf5 35. f3 c5 36. Bb5 c4 37. bxc4 Ne3+ 38. Kf2 Nxc4 39. Ba6 Rc6 40. Bb7 Rb6 41. Be4 Rf6 42. Rd8# 1-0

[Event "HUN-chT2 Toth 1617"]
[Site "Hungary"]
[Date "2016.12.11"]
[Round "6.8"]
[White "Varadi, Laszlo"]
[Black "Pinczes, Gyula"]
[Result "1/2-1/2"]
[WhiteElo "2088"]
[BlackElo "1813"]
[PlyCount "84"]
[EventDate "2016.09.25"]
[EventType "team-tourn"]
[EventRounds "11"]
[EventCountry "HUN"]
[SourceTitle "EXT 2021"]
[Source "ChessBase"]
[SourceDate "2020.10.23"]
[SourceVersion "1"]
[SourceVersionDate "2020.10.23"]
[SourceQuality "1"]
[WhiteTeam "Ujszasz"]
[BlackTeam "Nadudvar"]
[WhiteTeamCountry "HUN"]
[BlackTeamCountry "HUN"]

1. e4 e5 2. Nf3 Nc6 3. Bc4 Be7 4. d4 Bf6 5. c3 d6 6. h3 Nge7 7. 0-0 0-0 8. Be3 Na5 9. Bd3 b6 10. Nbd2 c5 11. Rc1 Ng6 12. Re1 Bd7 13. Nf1 Rc8 14. Ng3 cxd4 15. cxd4 Rxc1 16. Qxc1 Qc8 17. Qb1 Qb8 18. b4 Nc6 19. d5 Nce7 20. Nh5 Rc8 21. g4 Bh4 22. Kg2 Rc7 23. Nxh4 Nxh4+ 24. Kg3 Nhg6 25. f4 f6 26. f5 Nf8 27. g5 Be8 28. Qd1 Bxh5 29. Qxh5 g6 30. Qg4 fxg5 31. Bxg5 Qc8 32. Bxe7 Rxe7 33. Qg5 Rg7 34. Rc1 Qd7 35. f6 Rf7 36. Be2 Qa4 37. Bg4 Qa3+ 38. Kh2 Rxf6 39. Qxf6 Qxc1 40. Be6+ Nxe6 41. Qxe6+ Kg7 42. Qe7+ Kg8 1/2-1/2

[Event "HUN-chT2 Toth 1617"]
[Site "Hungary"]
[Date "2016.11.27"]
[Round "5.8"]
[White "Papp, Zoltan"]
[Black "Varadi, Laszlo"]
[Result "0-1"]
[WhiteElo "1847"]
[BlackElo "2088"]
[PlyCount "64"]
[EventDate "2016.09.25"]
[EventType "team-tourn"]
[EventRounds "11"]
[EventCountry "HUN"]
[SourceTitle "EXT 2021"]
[Source "ChessBase"]
[SourceDate "2020.10.23"]
[SourceVersion "1"]
[SourceVersionDate "2020.10.23"]
[SourceQuality "1"]
[WhiteTeam "Kecskemet Toth Laszlo II"]
[BlackTeam "Ujszasz"]
[WhiteTeamCountry "HUN"]
[BlackTeamCountry "HUN"]

1. d4 Nf6 2. f4 d5 3. Nf3 Nbd7 4. e3 Ne4 5. Bd3 Ndf6 6. 0-0 e6 7. Bd2 c5 8. c3 Bd7 9. Be1 Qb6 10. Qb3 Ng4 11. Ne5 Nxe3 12. Rf3 Nf5 13. g4 Nfd6 14. Nd2 Qc7 15. Bxe4 dxe4 16. Re3 f5 17. gxf5 exf5 18. dxc5 Qxc5 19. Bf2 Qb5 20. Rd1 0-0-0 21. c4 Qxb3 22. Rxb3 Ba4 23. Bh4 g5 24. fxg5 Bg7 25. Bg3 Rhe8 26. c5 Bxb3 27. Nxb3 Bxe5 28. cxd6 f4 29. Rc1+ Kb8 30. Rc7 fxg3 31. hxg3 Bxd6 32. Rxh7 e3 0-1

[Event "HUN-chT2 Toth 1617"]
[Site "Hungary"]
[Date "2016.11.13"]
[Round "4.8"]
[White "Varadi, Laszlo"]
[Black "Papp, Bence"]
[Result "1-0"]
[WhiteElo "2088"]
[BlackElo "1793"]
[PlyCount "89"]
[EventDate "2016.09.25"]
[EventType "team-tourn"]
[EventRounds "11"]
[EventCountry "HUN"]
[SourceTitle "EXT 2021"]
[Source "ChessBase"]
[SourceDate "2020.10.23"]
[SourceVersion "1"]
[SourceVersionDate "2020.10.23"]
[SourceQuality "1"]
[WhiteTeam "Ujszasz"]
[BlackTeam "Szeged Meritum"]
[WhiteTeamCountry "HUN"]
[BlackTeamCountry "HUN"]

1. e4 d5 2. exd5 Nf6 3. Bb5+ Bd7 4. Be2 Nxd5 5. d4 e6 6. c4 Nf6 7. Nc3 Bc6 8. Nf3 Bd6 9. 0-0 0-0 10. Bg5 Be7 11. Ne5 Nfd7 12. Nxc6 Nxc6 13. Be3 Nb6 14. Qd2 Bf6 15. Rad1 Qe7 16. Ne4 h6 17. Qc3 Rfd8 18. Rd2 Nd7 19. Bf3 g5 20. Nxf6+ Nxf6 21. h3 Rab8 22. Re2 Qb4 23. Bd2 Qxc3 24. bxc3 Na5 25. c5 Nc4 26. Bc1 Nd5 27. Rc2 b6 28. Be2 Na5 29. Ba3 Nf4 30. Ba6 b5 31. g3 Nxh3+ 32. Kg2 g4 33. Bc1 Ng5 34. Bf4 Rd7 35. Rb1 Nc4 36. Rxb5 Rxb5 37. Bxb5 Na3 38. Bxd7 Nxc2 39. Bxc7 Ne4 40. Ba5 Kf8 41. Bb5 Ne1+ 42. Kf1 Nf3 43. c6 Ke7 44. c7 Nd6 45. Bb4 1-0

[Event "HUN-chT2 Toth 1617"]
[Site "Hungary"]
[Date "2016.09.25"]
[Round "1.7"]
[White "Varadi, Laszlo"]
[Black "Egyed, Viktoria"]
[Result "1-0"]
[WhiteElo "2088"]
[BlackElo "1976"]
[PlyCount "103"]
[EventDate "2016.09.25"]
[EventType "team-tourn"]
[EventRounds "11"]
[EventCountry "HUN"]
[SourceTitle "EXT 2021"]
[Source "ChessBase"]
[SourceDate "2020.10.23"]
[SourceVersion "1"]
[SourceVersionDate "2020.10.23"]
[SourceQuality "1"]
[WhiteTeam "Ujszasz"]
[BlackTeam "Karcag"]
[WhiteTeamCountry "HUN"]
[BlackTeamCountry "HUN"]

1. e4 c5 2. c3 d5 3. exd5 Qxd5 4. d4 Nf6 5. Nf3 Bg4 6. Be2 e6 7. Na3 cxd4 8. Nb5 Qd8 9. Qa4 Nc6 10. Nbxd4 Rc8 11. Nxc6 bxc6 12. Bg5 Be7 13. Bxf6 Bxf6 14. Qxg4 0-0 15. 0-0 Rb8 16. Rab1 Qa5 17. a3 Rfd8 18. Nd4 Qb6 19. Qf3 Bxd4 20. cxd4 Rxd4 21. Rfd1 c5 22. b4 h6 23. Qb3 Rxd1+ 24. Bxd1 cxb4 25. Qxb4 Qxb4 26. axb4 Kf8 27. Be2 Ke7 28. b5 Kd6 29. Rd1+ Kc7 30. Ra1 Kb7 31. f3 Rd8 32. Kf2 Rd2 33. Ra3 g6 34. Rd3 Rxd3 35. Bxd3 Kb6 36. Ke3 Kc5 37. g3 f5 38. f4 Kd5 39. h4 Kc5 40. Be2 h5 41. Bf1 Kd5 42. Kd3 Kc5 43. Kc3 Kd5 44. Bg2+ Kc5 45. Bc6 a5 46. bxa6 Kxc6 47. Kd4 Kb6 48. Ke5 Kxa6 49. Kxe6 Kb6 50. Kf6 Kc6 51. Kxg6 Kd6 52. Kxf5 1-0

[Event "HUN-chT2 Toth 1516"]
[Site "Hungary"]
[Date "2016.04.17"]
[Round "11.8"]
[White "Varadi, Laszlo"]
[Black "Lenkei, Robert"]
[Result "1/2-1/2"]
[WhiteElo "2091"]
[BlackElo "1697"]
[PlyCount "49"]
[EventDate "2015.09.13"]
[EventType "team-tourn"]
[EventRounds "11"]
[EventCountry "HUN"]
[SourceTitle "EXT 2017"]
[Source "ChessBase"]
[SourceDate "2016.10.25"]
[SourceVersion "1"]
[SourceVersionDate "2016.10.25"]
[SourceQuality "1"]
[WhiteTeam "Ujszasz"]
[BlackTeam "Felegyhaza Csongrad"]
[WhiteTeamCountry "HUN"]
[BlackTeamCountry "HUN"]

1. e4 e5 2. Nf3 Nc6 3. Bc4 Nf6 4. d3 Be7 5. Nbd2 h6 6. Nf1 d5 7. exd5 Nxd5 8. Ng3 Bg4 9. h3 Bb4+ 10. Bd2 Bxd2+ 11. Qxd2 Bxf3 12. gxf3 Nf4 13. 0-0-0 Qf6 14. Ne4 Qe7 15. Bb5 Qe6 16. Bc4 Qe7 17. Bb5 Qe6 18. Nc3 0-0-0 19. Qe3 Nd4 20. Bc4 Qe7 21. Rhg1 g5 22. h4 f6 23. Rde1 Kb8 24. a3 a6 25. Rg3 1/2-1/2

[Event "HUN-chT2 Toth 1415"]
[Site "Hungary"]
[Date "2014.11.16"]
[Round "4.8"]
[White "Strifler, Janos"]
[Black "Varadi, Laszlo"]
[Result "1/2-1/2"]
[WhiteElo "1780"]
[BlackElo "2083"]
[PlyCount "43"]
[EventDate "2014.09.07"]
[EventType "team-tourn"]
[EventRounds "11"]
[EventCountry "HUN"]
[SourceTitle "EXT 2016"]
[Source "ChessBase"]
[SourceDate "2015.10.08"]
[SourceVersion "1"]
[SourceVersionDate "2015.10.08"]
[SourceQuality "1"]
[WhiteTeam "Gyula"]
[BlackTeam "Ujszasz"]
[WhiteTeamCountry "HUN"]
[BlackTeamCountry "HUN"]

1. d4 Nf6 2. e3 d5 3. Nf3 g6 4. Be2 Bg7 5. Nbd2 0-0 6. 0-0 Nbd7 7. b3 c5 8. Bb2 b6 9. h3 Bb7 10. Rc1 Rc8 11. Bd3 Ne4 12. c4 Nxd2 13. Qxd2 dxc4 14. Bxc4 Bxf3 15. gxf3 e6 16. dxc5 Bxb2 17. Qxb2 Rxc5 18. Rfd1 Qc7 19. f4 Rc8 20. Rc2 b5 21. Rcd2 Nb6 22. Qf6 1/2-1/2

[Event "HUN-chT2 Toth 1415"]
[Site "Hungary"]
[Date "2014.09.21"]
[Round "2.9"]
[White "Tubak, Daniel"]
[Black "Varadi, Laszlo"]
[Result "0-1"]
[WhiteElo "1805"]
[BlackElo "2083"]
[PlyCount "92"]
[EventDate "2014.09.07"]
[EventType "team-tourn"]
[EventRounds "11"]
[EventCountry "HUN"]
[SourceTitle "EXT 2016"]
[Source "ChessBase"]
[SourceDate "2015.10.08"]
[SourceVersion "1"]
[SourceVersionDate "2015.10.08"]
[SourceQuality "1"]
[WhiteTeam "Maroczy II"]
[BlackTeam "Ujszasz"]
[WhiteTeamCountry "HUN"]
[BlackTeamCountry "HUN"]

1. e4 d5 2. exd5 Nf6 3. c4 c6 4. d4 cxd5 5. Nc3 e6 6. Nf3 Be7 7. Be2 0-0 8. 0-0 Nc6 9. Bf4 a6 10. Ne5 dxc4 11. Nxc6 bxc6 12. Bxc4 Nd5 13. Bg3 Nxc3 14. bxc3 c5 15. Qf3 Ra7 16. Rad1 Bb7 17. Qh5 Qa8 18. f3 cxd4 19. Rxd4 Bf6 20. Rg4 Bd5 21. Bd3 g6 22. c4 Bg7 23. Qg5 Bc6 24. Qe3 Rd7 25. Bc2 h5 26. Rh4 Qd8 27. Kh1 Bd4 28. Qh6 Bg7 29. Qe3 Bf6 30. Rh3 Bd4 31. Qf4 Qf6 32. Qh6 Qg7 33. Qc1 Rfd8 34. Bf4 Bb2 35. Qe1 Bc3 36. Qc1 Bb2 37. Qe1 Bc3 38. Qc1 Bd2 39. Bxd2 Rxd2 40. Be4 Ba4 41. Bd5 Qd4 42. Rh4 Qxh4 43. Qxd2 exd5 44. Qa5 Be8 45. cxd5 Bb5 46. Rc1 Qg5 0-1

[Event "HUN-chT2 Toth 1112"]
[Site "Hungary"]
[Date "2011.10.30"]
[Round "2.7"]
[White "Csibor, Andras"]
[Black "Varadi, Laszlo"]
[Result "0-1"]
[WhiteElo "1970"]
[BlackElo "2145"]
[PlyCount "134"]
[EventDate "2011.09.25"]
[EventType "team-tourn"]
[EventRounds "11"]
[EventCountry "HUN"]
[SourceTitle "EXT 2013"]
[Source "ChessBase"]
[SourceDate "2012.11.22"]
[SourceVersion "1"]
[SourceVersionDate "2012.11.22"]
[SourceQuality "1"]
[WhiteTeam "Mako"]
[BlackTeam "Toth Laszlo"]
[WhiteTeamCountry "HUN"]
[BlackTeamCountry "HUN"]

1. d4 Nf6 2. f4 g6 3. e3 Bg7 4. Bd3 d5 5. Nf3 0-0 6. 0-0 Nbd7 7. Nbd2 c5 8. c3 b6 9. h3 Ne8 10. Qe1 Nd6 11. Ne5 f6 12. Nef3 e5 13. Be2 Qe7 14. Qf2 Bb7 15. Re1 Rae8 16. b3 Ne4 17. Nxe4 dxe4 18. Nh2 exd4 19. Bc4+ Kh8 20. cxd4 cxd4 21. exd4 f5 22. Be3 Nf6 23. Rad1 Nd5 24. Bxd5 Bxd5 25. Rc1 Rc8 26. Qd2 Qd7 27. Nf1 Rf6 28. Rxc8+ Qxc8 29. Rc1 Rc6 30. Rxc6 Qxc6 31. Ng3 a5 32. Ne2 Bf8 33. Qc3 Bb4 34. Qb2 Kg7 35. Kf2 Kf7 36. a3 Be7 37. Bd2 e3+ 38. Bxe3 Bxg2 39. Ng1 Bh4+ 40. Ke2 Be4 41. Qc1 Qc2+ 42. Qxc2 Bxc2 43. b4 Be7 44. bxa5 bxa5 45. Bd2 a4 46. Bc1 Ke6 47. Kd2 Bb3 48. Ne2 Kd5 49. Ke3 Kc4 50. Kd2 Bh4 51. Bb2 Bf2 52. Ba1 Bh4 53. Bb2 Bf2 54. Ba1 Bh4 55. Bb2 g5 56. Ke3 Bd1 57. fxg5 Bxe2 58. Kxe2 Bxg5 59. d5 Kxd5 60. Kd3 Be7 61. Bc1 Bd6 62. Bb2 Bc5 63. Bc1 h5 64. Bb2 f4 65. Bc1 f3 66. Bb2 f2 67. Ke2 Kc4 0-1

[Event "Lakitelek Magyarok op"]
[Site "Lakitelek"]
[Date "2011.08.14"]
[Round "9"]
[White "Bodnar, Gabriel"]
[Black "Varadi, Laszlo"]
[Result "0-1"]
[WhiteElo "1937"]
[BlackElo "2149"]
[PlyCount "32"]
[EventDate "2011.08.06"]
[EventType "swiss"]
[EventRounds "9"]
[EventCountry "HUN"]
[SourceTitle "CBM 144 Extra"]
[Source "ChessBase"]
[SourceDate "2011.10.28"]
[SourceVersion "1"]
[SourceVersionDate "2011.10.28"]
[SourceQuality "1"]

1. d4 Nf6 2. c4 g6 3. Nc3 d5 4. Bf4 Bg7 5. e3 0-0 6. Nf3 c5 7. Be2 cxd4 8. Nxd4 Re8 9. Be5 Nbd7 10. Bxf6 Nxf6 11. 0-0 a6 12. Bf3 dxc4 13. Qa4 e5 14. Nc2 e4 15. Rfd1 Bd7 16. Rxd7 Qxd7 0-1

[Event "HUN-chT2 Maroczy 0910"]
[Site "Hungary"]
[Date "2010.01.17"]
[Round "4"]
[White "Izso, Daniel"]
[Black "Varadi, Laszlo"]
[Result "1/2-1/2"]
[WhiteElo "2257"]
[BlackElo "2156"]
[PlyCount "62"]
[EventDate "2009.11.08"]
[EventType "team-tourn"]
[EventRounds "11"]
[EventCountry "HUN"]
[SourceTitle "EXT 2011"]
[Source "ChessBase"]
[SourceDate "2010.11.26"]
[SourceVersion "1"]
[SourceVersionDate "2010.11.26"]
[SourceQuality "1"]
[WhiteTeam "MLTC II"]
[BlackTeam "Gyula"]
[WhiteTeamCountry "HUN"]
[BlackTeamCountry "HUN"]

1. e4 e6 2. d4 d5 3. Nc3 dxe4 4. Nxe4 Bd7 5. Nf3 Bc6 6. Bd3 Nd7 7. 0-0 Ngf6 8. Qe2 Bxe4 9. Bxe4 Nxe4 10. Qxe4 c6 11. c4 Nf6 12. Qe2 Bd6 13. Rd1 0-0 14. Bg5 h6 15. Bh4 Be7 16. Rd2 Re8 17. Bg3 Nh5 18. Be5 Bd6 19. Rad1 Nf4 20. Qe4 Ng6 21. a3 a5 22. g3 Qe7 23. Qc2 Red8 24. Qc3 Qc7 25. h4 a4 26. Rd3 Qa5 27. Qxa5 Rxa5 28. Bxd6 Rxd6 29. Kf1 Kf8 30. Ke2 Ke7 31. Nd2 e5 1/2-1/2

[Event "HUN-chT2 Maroczy 0910"]
[Site "Hungary"]
[Date "2009.12.06"]
[Round "3"]
[White "Varadi, Laszlo"]
[Black "Pal, Geza"]
[Result "1/2-1/2"]
[WhiteElo "2156"]
[BlackElo "2257"]
[PlyCount "81"]
[EventDate "2009.11.08"]
[EventType "team-tourn"]
[EventRounds "11"]
[EventCountry "HUN"]
[SourceTitle "EXT 2011"]
[Source "ChessBase"]
[SourceDate "2010.11.26"]
[SourceVersion "1"]
[SourceVersionDate "2010.11.26"]
[SourceQuality "1"]
[WhiteTeam "Gyula"]
[BlackTeam "Penzugyor II"]
[WhiteTeamCountry "HUN"]
[BlackTeamCountry "HUN"]

1. e4 c5 2. c3 d5 3. exd5 Qxd5 4. d4 Nf6 5. Nf3 Nc6 6. Na3 Bg4 7. Be2 cxd4 8. Nb5 Qd7 9. Nbxd4 Nxd4 10. Nxd4 e5 11. Nf3 Qxd1+ 12. Bxd1 0-0-0 13. Be3 Nd7 14. Ng5 Be6 15. Nxe6 fxe6 16. Bb3 Nc5 17. Ke2 Nxb3 18. axb3 a6 19. Bg5 Rd5 20. c4 Rd4 21. Ra5 Bd6 22. c5 Rd5 23. Rc1 Bc7 24. Ra4 h6 25. Be3 Rhd8 26. c6 Rb5 27. cxb7+ Kxb7 28. Rac4 Bb8 29. b4 Rd7 30. Bd2 Rd4 31. b3 Rbd5 32. Be3 Rd3 33. Rc6 Rd6 34. Rxd6 Rxd6 35. Bc5 Rd7 36. Rc3 Bc7 37. Rd3 Rf7 38. g3 h5 39. h4 Kc6 40. Ke3 Kb5 41. Rc3 1/2-1/2

[Event "HUN-chT2 Maroczy 0809"]
[Site "Hungary"]
[Date "2009.02.22"]
[Round "8"]
[White "Varadi, Laszlo"]
[Black "Hujvan, Laszlo"]
[Result "0-1"]
[WhiteElo "2203"]
[BlackElo "2174"]
[PlyCount "60"]
[EventDate "2008.10.26"]
[EventType "team-tourn"]
[EventRounds "11"]
[EventCountry "HUN"]
[SourceTitle "EXT 2010"]
[Source "ChessBase"]
[SourceDate "2010.11.25"]
[SourceVersion "1"]
[SourceVersionDate "2010.11.25"]
[SourceQuality "1"]
[WhiteTeam "Gyula"]
[BlackTeam "Munkacs"]
[WhiteTeamCountry "HUN"]
[BlackTeamCountry "HUN"]

1. e4 c5 2. c3 g6 3. d4 cxd4 4. cxd4 d5 5. exd5 Nf6 6. Bb5+ Bd7 7. Bc4 Bg7 8. Nc3 0-0 9. Nf3 Bg4 10. h3 Bf5 11. Nh4 Bc8 12. Bg5 Nbd7 13. Bb3 b5 14. 0-0 b4 15. Na4 Bb7 16. Nf3 Nxd5 17. Re1 Re8 18. Qd2 Qa5 19. Rac1 Rac8 20. Rxc8 Rxc8 21. Bxe7 Nxe7 22. Rxe7 Bxf3 23. Rxd7 Bc6 24. Rxf7 Bd5 25. Bxd5 Qxd5 26. Rxa7 Qd6 27. Rb7 Bxd4 28. Nb6 Bxf2+ 29. Qxf2 Rc1+ 30. Qf1 Qd4+ 0-1

[Event "HUN-chT2 Maroczy 0809"]
[Site "Hungary"]
[Date "2009.02.08"]
[Round "7"]
[White "Varadi, Laszlo"]
[Black "Mate, Gyula"]
[Result "1-0"]
[WhiteElo "2203"]
[BlackElo "2110"]
[PlyCount "129"]
[EventDate "2008.10.26"]
[EventType "team-tourn"]
[EventRounds "11"]
[EventCountry "HUN"]
[SourceTitle "EXT 2010"]
[Source "ChessBase"]
[SourceDate "2010.11.25"]
[SourceVersion "1"]
[SourceVersionDate "2010.11.25"]
[SourceQuality "1"]
[WhiteTeam "Gyula"]
[BlackTeam "Hajduboszormeny"]
[WhiteTeamCountry "HUN"]
[BlackTeamCountry "HUN"]

1. e4 e5 2. Nf3 Nc6 3. Bc4 Nf6 4. d3 Bc5 5. 0-0 d6 6. c3 Bb6 7. a4 h6 8. Na3 0-0 9. Bb3 a6 10. Nc4 Ba7 11. Be3 Be6 12. Bxa7 Rxa7 13. Ne3 Ne7 14. h3 c5 15. Bc2 b6 16. d4 Qb8 17. Qe2 Re8 18. Rfd1 exd4 19. cxd4 d5 20. e5 Ne4 21. Ng4 Bf5 22. Nh4 Bh7 23. f3 Ng5 24. Bxh7+ Nxh7 25. f4 Qd8 26. Qf2 Rc7 27. Rac1 c4 28. Ne3 Rf8 29. Nhf5 Nxf5 30. Nxf5 Kh8 31. Rc3 Rg8 32. Nh4 Nf8 33. f5 Nh7 34. Nf3 b5 35. axb5 axb5 36. Re3 Ng5 37. Nxg5 Qxg5 38. Rg3 Qd8 39. Qf4 Kh7 40. Ra1 Qc8 41. Ra5 Qd7 42. Ra6 Rc6 43. Rga3 b4 44. R3a5 Rxa6 45. Rxa6 Qb5 46. Ra7 Rf8 47. f6 Qb6 48. fxg7 Kxg7 49. Rd7 c3 50. bxc3 bxc3 51. Rd6 Qb1+ 52. Kh2 Rb8 53. Qg3+ Kh7 54. Qxc3 Rg8 55. Qf3 Rg7 56. Qf4 Qb8 57. Rxh6+ Kg8 58. Qh4 Rxg2+ 59. Kxg2 Qb2+ 60. Qf2 Qb1 61. Qg3+ Kf8 62. Rh8+ Ke7 63. Qg5+ Kd7 64. Qd8+ Kc6 65. Qd6+ 1-0

[Event "HUN-chT2 Maroczy 0809"]
[Site "Hungary"]
[Date "2008.11.02"]
[Round "2"]
[White "Varadi, Laszlo"]
[Black "Hetenyi, Geza"]
[Result "1/2-1/2"]
[WhiteElo "2203"]
[BlackElo "2204"]
[PlyCount "177"]
[EventDate "2008.10.26"]
[EventType "team-tourn"]
[EventRounds "11"]
[EventCountry "HUN"]
[SourceTitle "EXT 2010"]
[Source "ChessBase"]
[SourceDate "2010.11.25"]
[SourceVersion "1"]
[SourceVersionDate "2010.11.25"]
[SourceQuality "1"]
[WhiteTeam "Gyula"]
[BlackTeam "Dunaharaszti"]
[WhiteTeamCountry "HUN"]
[BlackTeamCountry "HUN"]

1. e4 e6 2. d4 d5 3. e5 c5 4. c3 Qb6 5. Nf3 Bd7 6. Be2 Nc6 7. 0-0 cxd4 8. cxd4 Rc8 9. Nc3 Nh6 10. Na4 Qd8 11. Bxh6 gxh6 12. Rc1 Bg7 13. Nc5 Qb6 14. Rc3 Nd8 15. Qd2 Bc6 16. Ne1 0-0 17. Rg3 Kh8 18. Ned3 f6 19. Nf4 Be8 20. exf6 Rxf6 21. Nh5 Bxh5 22. Nd7 Qc6 23. Nxf6 Bxe2 24. Rc3 Bxf1 25. Rxc6 Nxc6 26. Nh5 Ba6 27. Nxg7 Kxg7 28. h4 Rf8 29. Qe3 Rf6 30. a3 Kf7 31. b4 Ke7 32. a4 Bc4 33. b5 Nd8 34. Qg3 a6 35. Qc7+ Ke8 36. Qe5 Rf7 37. b6 Bd3 38. g4 Bc2 39. a5 Bd1 40. Qg3 h5 41. gxh5 Bxh5 42. Qg8+ Kd7 43. Qg5 Bg6 44. Qe5 Bf5 45. h5 Re7 46. f4 Nc6 47. Qh8 Re8 48. Qg7+ Ne7 49. Qe5 Rc8 50. Kf2 Be4 51. Ke2 Nf5 52. Qf6 Rc4 53. Qf7+ Ne7 54. Qf6 Rc2+ 55. Kd1 Rc4 56. Ke2 Rc8 57. Kd2 Bf3 58. h6 Be4 59. Kd1 Rc4 60. Kd2 Rc8 61. Ke1 Bg6 62. Qg7 Ke8 63. Qh8+ Kf7 64. Qg7+ Ke8 65. Qh8+ Kd7 66. Qg7 Rc1+ 67. Kd2 Rc4 68. Kd1 Be8 69. Ke1 Kd8 70. Qe5 Bd7 71. Qh8+ Be8 72. Qe5 Rc8 73. Qxe6 Bg6 74. Qd6+ Ke8 75. Qe5 Kd7 76. Kd2 Be4 77. Qg7 Rc6 78. Kd1 Re6 79. Qh8 Nc6 80. Qg7+ Re7 81. Qg4+ Kd6 82. f5 Nxa5 83. Qf4+ Kd7 84. f6 Rf7 85. Qg4+ Kd6 86. Qf4+ Ke6 87. Qe5+ Kd7 88. Qc7+ Ke6 89. Qe5+ 1/2-1/2